[Event "19th Reykjavik op"]
[Site "Reykjavik ISL"]
[Date "2000.04.13"]
[Round "9.12"]
[White "Thorfinnsson, Bjoern"]
[Black "Markowski, Tomasz"]
[Result "0-1"]
[WhiteElo "2195"]
[BlackElo "2531"]
[EventDate "2000.04.05"]
[PlyCount "97"]

1.d4 d5 2.Bg5 h6 3.Bh4 c6 4.Nf3 Qb6 5.b3 Bf5 6.e3 Qa5+ 7.Qd2 Qxd2+ 8.Kxd2 
g5 9.Bg3 Nf6 10.Bd3 Ne4+ 11.Bxe4 Bxe4 12.Ne1 Nd7 13.f3 Bh7 14.Nd3 e6 15.
Nc3 Rg8 16.e4 f6 17.Rae1 Kf7 18.Re2 Be7 19.Rf1 Rae8 20.f4 dxe4 21.Nxe4 g4 
22.Be1 Rd8 23.Kc1 Nb6 24.Bc3 Nd5 25.Bb2 b6 26.Rd1 a5 27.a3 Rd7 28.g3 Rgd8 
29.Ndf2 Bf5 30.c4 Nc7 31.Kd2 a4 32.b4 c5 33.bxc5 bxc5 34.Ke3 cxd4+ 35.Bxd4
Na6 36.Red2 Bxa3 37.c5 e5 38.fxe5 fxe5 39.Bxe5 Rxd2 40.Rxd2 Bc1 41.c6 Bxe4
42.Nxe4 Ke6 43.Bf4 h5 44.Ke2 Bxd2 45.Bxd2 Rc8 46.Nc3 a3 47.Bc1 Rxc6 48.Kd2
Nc7 49.Bxa3 0-1

[Event "19th Reykjavik op"]
[Site "Reykjavik ISL"]
[Date "2000.04.13"]
[Round "9.13"]
[White "Olafsson, Helgi"]
[Black "Sarbok, Torsten"]
[Result "1-0"]
[WhiteElo "2491"]
[BlackElo "2285"]
[EventDate "2000.04.05"]
[PlyCount "81"]

1.c4 Nf6 2.d4 e6 3.Nc3 d5 4.Bg5 Be7 5.Nf3 O-O 6.e3 c6 7.Qc2 Nbd7 8.Rd1 h6 
9.Bh4 a6 10.c5 b6 11.cxb6 Qxb6 12.Be2 c5 13.O-O cxd4 14.exd4 Qb8 15.a3 Nb6
16.Ne5 Bd7 17.f4 Rc8 18.Qd3 Be8 19.f5 exf5 20.Qxf5 Nc4 21.Nxd5 Nxd5 22.
Bxc4 Bxh4 23.Bxd5 Ra7 24.Nxf7 Bxf7 25.Bxf7+ Kh8 26.Bd5 Re7 27.Be4 Rxe4 28.
Qxe4 Bf6 29.b4 Qb6 30.Kh1 Rc3 31.Rf3 Rc4 32.Qe8+ Kh7 33.Rfd3 Qd6 34.Qe4+ 
Kh8 35.R3d2 Rc3 36.Rc2 Rxc2 37.Qxc2 a5 38.Qc5 Qf4 39.bxa5 Qg4 40.Qc2 Bxd4 
41.Qa4 1-0

[Event "19th Reykjavik op"]
[Site "Reykjavik ISL"]
[Date "2000.04.13"]
[Round "9.14"]
[White "Halldorsson, Jon Arni"]
[Black "Thorhallsson, Throestur"]
[Result "1/2-1/2"]
[WhiteElo "2173"]
[BlackElo "2489"]
[EventDate "2000.04.05"]
[PlyCount "93"]

1.d4 Nf6 2.Nf3 d5 3.c4 dxc4 4.e3 e6 5.Bxc4 a6 6.O-O b5 7.Be2 c5 8.b3 Bb7 
9.a4 bxa4 10.bxa4 Nbd7 11.Nbd2 Be7 12.Ba3 O-O 13.Rc1 cxd4 14.Bxe7 Qxe7 15.
Nxd4 Nc5 16.Bf3 Rac8 17.Bxb7 Qxb7 18.Rc4 Nfe4 19.Nxe4 Nxe4 20.Rxc8 Rxc8 
21.f3 Nc3 22.Qc2 g6 23.Ra1 a5 24.Qb3 Qc7 25.Nb5 Ne2+ 26.Kf2 Qxh2 27.Qd1 
Ng3 28.Rc1 Rxc1 29.Qxc1 Nh1+ 30.Kf1 Ng3+ 31.Kf2 Nf5 32.e4 Nh4 33.Qg5 h6 
34.Qg3 Qxg3+ 35.Kxg3 g5 36.Nd6 Ng6 37.Nc4 Nf4 38.Nxa5 Ne2+ 39.Kg4 Nc3 40.
Nc4 Nxa4 41.Kh5 Kg7 42.Nd6 Nc3 43.Ne8+ Kh7 44.Nf6+ Kg7 45.Ne8+ Kh7 46.Nf6+
Kg7 47.Ne8+ 1/2-1/2

[Event "19th Reykjavik op"]
[Site "Reykjavik ISL"]
[Date "2000.04.13"]
[Round "9.15"]
[White "Gunnarsson, Arnar"]
[Black "Salmensuu, Olli"]
[Result "1/2-1/2"]
[WhiteElo "2227"]
[BlackElo "2418"]
[EventDate "2000.04.05"]
[PlyCount "105"]

1.c4 c5 2.Nf3 g6 3.g3 Bg7 4.Bg2 Nc6 5.O-O e5 6.Nc3 Nge7 7.d3 O-O 8.Bd2 d6 
9.a3 a5 10.Rb1 Rb8 11.Ne1 Be6 12.Nc2 d5 13.cxd5 Nxd5 14.Ne3 Nxe3 15.Bxe3 
Nd4 16.f4 Bb3 17.Qd2 b5 18.fxe5 Bxe5 19.Bh6 Re8 20.Ne4 Qb6 21.Kh1 f5 22.
Nc3 Rbd8 23.e4 b4 24.axb4 cxb4 25.Be3 Qe6 26.Nd5 Bxd5 27.exd5 Rxd5 28.Bxd5
Qxd5+ 29.Qg2 Qxg2+ 30.Kxg2 Nb3 31.Rbe1 Rc8 32.Re2 Kf7 33.Bg5 Bd6 34.Rd1 
Nd4 35.Rf2 Nc2 36.d4 Rc4 37.g4 a4 38.gxf5 gxf5 39.Rxf5+ Kg6 40.Rd5 Be7 41.
Bc1 Bf6 42.Ra5 b3 43.d5 a3 44.Ra6 axb2 45.Bxb2 Ne3+ 46.Kf3 Nxd1 47.Bxf6 
Kf5 48.Ke2 b2 49.Rb6 Rc2+ 50.Kd3 Rxh2 51.Bh8 Nf2+ 52.Kc4 Rh4+ 53.Bd4 
1/2-1/2

[Event "19th Reykjavik op"]
[Site "Reykjavik ISL"]
[Date "2000.04.13"]
[Round "9.17"]
[White "Bykhovsky, Anatoly A."]
[Black "Kristjansson, Stefan"]
[Result "0-1"]
[WhiteElo "2409"]
[BlackElo "2254"]
[EventDate "2000.04.05"]
[PlyCount "84"]

1.e4 e6 2.d4 d5 3.Nd2 c5 4.exd5 Qxd5 5.Ngf3 cxd4 6.Bc4 Qd6 7.O-O Nf6 8.Nb3
Nc6 9.Nbxd4 Nxd4 10.Qxd4 Qxd4 11.Nxd4 Bd7 12.Bf4 Rc8 13.Bb3 Bc5 14.Rad1 
O-O 15.Nf3 Rfd8 16.Ne5 Be8 17.Bg5 Bd4 18.Bxf6 gxf6 19.Nd3 Bb5 20.Rfe1 a5 
21.a4 Bxd3 22.Rxd3 Bxb2 23.Red1 Rxd3 24.Rxd3 Rc7 25.Kf1 f5 26.Ke2 Be5 27.
h3 Kf8 28.g4 fxg4 29.hxg4 h6 30.Ke3 Ke7 31.Ke4 Rc5 32.c4 Bg7 33.Rd1 h5 34.
gxh5 Rxh5 35.Rd3 b6 36.Kf3 Be5 37.Bd1 Rh3+ 38.Ke2 Rh4 39.Bb3 Bd4 40.Kf3 
Rh3+ 41.Ke2 Rxd3 42.Kxd3 Bxf2 0-1

[Event "19th Reykjavik op"]
[Site "Reykjavik ISL"]
[Date "2000.04.13"]
[Round "9.18"]
[White "Halldorsson, Bragi"]
[Black "Gunnarsson, Jon Viktor"]
[Result "1/2-1/2"]
[WhiteElo "2242"]
[BlackElo "2401"]
[EventDate "2000.04.05"]
[PlyCount "20"]

1.d4 Nf6 2.c4 c5 3.d5 b5 4.cxb5 a6 5.b6 d6 6.Nc3 Qxb6 7.e4 g6 8.Nf3 Nbd7 
9.h3 Bg7 10.Bd3 O-O 1/2-1/2

[Event "19th Reykjavik op"]
[Site "Reykjavik ISL"]
[Date "2000.04.13"]
[Round "9.19"]
[White "Westerinen, Heikki"]
[Black "Schnabel, Ralf"]
[Result "0-1"]
[WhiteElo "2392"]
[BlackElo "2233"]
[EventDate "2000.04.05"]
[PlyCount "156"]

1.e4 Nf6 2.e5 Nd5 3.d4 d6 4.Nf3 Bg4 5.Be2 e6 6.Ng5 Bxe2 7.Qxe2 Be7 8.Nf3 
O-O 9.O-O Nb6 10.Qe4 dxe5 11.dxe5 Qd5 12.Qg4 Qc4 13.Qxc4 Nxc4 14.b3 Nb6 
15.Bb2 Nc6 16.Nbd2 Rfd8 17.Ne4 h6 18.a3 Rd7 19.Rfd1 Rad8 20.Rxd7 Rxd7 21.
Kf1 g5 22.h3 Kh7 23.Ke2 Kg6 24.c4 a5 25.a4 Rd8 26.Bc3 Nd7 27.Rd1 Ndb8 28.
Rxd8 Bxd8 29.Nc5 b6 30.Nd3 Ne7 31.g4 c5 32.Ke3 Nd7 33.Ke4 Nc6 34.Nfe1 f5+ 
35.gxf5+ exf5+ 36.Kd5 Ne7+ 37.Kd6 Nf8 38.Nf3 Nc8+ 39.Kc6 Kf7 40.Kb7 Ne7 
41.Nh2 Ke6 42.h4 Neg6 43.Kc8 Be7 44.Kc7 Nd7 45.h5 Nh4 46.Nf1 f4 47.Nh2 Bf8
48.Ng4 Nf3 49.Nf6 Nfxe5 50.Bxe5 Nxe5 51.Nxe5 Kxe5 52.Ng4+ Ke4 53.Nh2 f3 
54.Kxb6 Bd6 55.Ng4 Kf4 56.Ne3 g4 57.Nf1 Ke4 58.Kxa5 Kd3 59.Kb6 Ke2 60.a5 
Kxf1 61.a6 Bb8 62.Kb7 Kxf2 63.Kxb8 g3 64.a7 g2 65.a8=Q g1=Q 66.Qd5 Ke2 67.
Qe4+ Qe3 68.Qc2+ Kf1 69.b4 f2 70.bxc5 Qg3+ 71.Kb7 Kg1 72.Qd1+ f1=Q 73.
Qxf1+ Kxf1 74.c6 Qb3+ 75.Kc8 Qh3+ 76.Kb8 Qxh5 77.c7 Qe5 78.Kb7 Qe4+ 0-1

[Event "19th Reykjavik op"]
[Site "Reykjavik ISL"]
[Date "2000.04.13"]
[Round "9.20"]
[White "Bjornsson, Tomas"]
[Black "Lampen, Timo"]
[Result "1-0"]
[WhiteElo "2224"]
[BlackElo "2307"]
[EventDate "2000.04.05"]
[PlyCount "109"]

1.e4 c5 2.Nf3 d6 3.d4 cxd4 4.Nxd4 Nf6 5.Nc3 a6 6.Be2 e5 7.Nb3 Be7 8.O-O 
Be6 9.f4 Qb6+ 10.Kh1 exf4 11.Bxf4 Nbd7 12.Nd5 Nxd5 13.exd5 Bf5 14.Bg4 Bxg4
15.Qxg4 Bf6 16.Rae1+ Ne5 17.Bxe5 dxe5 18.c4 O-O 19.c5 Qd8 20.d6 Rc8 21.Rd1
b6 22.Qb4 Rc6 23.Qa4 Qa8 24.cxb6 Rxb6 25.Qg4 Bd8 26.Rfe1 Bf6 27.Nc5 Rxb2 
28.Nd7 Bh4 29.Re2 h5 30.Qxh5 Rxe2 31.Qxe2 Re8 32.Nc5 Rc8 33.Qxe5 Qa7 34.
Ne4 Qd7 35.h3 Re8 36.Qd5 Qa4 37.Nc3 Qa3 38.Qd3 Rc8 39.Ne4 Qxa2 40.d7 Rd8 
41.Nc5 Qb2 42.Qd5 Rb8 43.Nxa6 Rd8 44.Nc5 Rb8 45.Rf1 Bf6 46.Re1 g6 47.Re8+ 
Kg7 48.Qd6 Qa1+ 49.Kh2 Rb1 50.Qf8+ Kh7 51.Qxf7+ Kh6 52.Qf8+ Kh5 53.g4+ Kg5
54.Ne4+ Kf4 55.Qxf6+ 1-0

[Event "19th Reykjavik op"]
[Site "Reykjavik ISL"]
[Date "2000.04.13"]
[Round "9.21"]
[White "Edvardsson, Kristjan"]
[Black "Bjarnason, Saevar"]
[Result "1/2-1/2"]
[WhiteElo "2170"]
[BlackElo "2305"]
[EventDate "2000.04.05"]
[PlyCount "85"]

1.Nf3 Nf6 2.d4 g6 3.c4 Bg7 4.Nc3 d5 5.cxd5 Nxd5 6.Na4 Bf5 7.Nc5 b6 8.e4 
bxc5 9.exf5 cxd4 10.fxg6 hxg6 11.Nxd4 Rh4 12.Bb5+ Kf8 13.Nf3 Rb4 14.Be2 
Nc6 15.a3 Rb6 16.O-O Rab8 17.Ra2 Bxb2 18.Rxb2 Rxb2 19.Bxb2 Rxb2 20.Bc4 Nb6
21.Qc1 Nxc4 22.Qxc4 Qd6 23.Qc3 Qf6 24.Qc5 Kg7 25.h4 Rb6 26.Rc1 Qf5 27.Qc4 
a6 28.Nd4 Nxd4 29.Qxd4+ Qf6 30.Qxf6+ exf6 31.Rxc7 Rb1+ 32.Kh2 Rb3 33.Rc6 
Rxa3 34.g4 a5 35.Ra6 a4 36.Kg2 Ra1 37.Kh2 a3 38.Kg2 f5 39.gxf5 gxf5 40.h5 
f6 41.Ra5 f4 42.Kf3 Ra2 43.Kg2 1/2-1/2

[Event "19th Reykjavik op"]
[Site "Reykjavik ISL"]
[Date "2000.04.13"]
[Round "9.22"]
[White "Steindorsson, Sigurdur Pall"]
[Black "Jonasson, Benedikt"]
[Result "1/2-1/2"]
[WhiteElo "2056"]
[BlackElo "2285"]
[EventDate "2000.04.05"]
[PlyCount "96"]

1.c4 Nf6 2.Nc3 g6 3.e4 d6 4.g3 Bg7 5.Bg2 c5 6.Nge2 Nc6 7.O-O Bd7 8.d4 cxd4
9.Nxd4 O-O 10.Be3 Ng4 11.Nxc6 bxc6 12.Qd2 Qa5 13.Bd4 Qh5 14.h3 Ne5 15.Bxe5
Qxe5 16.Rad1 Rab8 17.Kh2 Be6 18.f4 Qa5 19.e5 dxe5 20.f5 Bxc4 21.Rf2 Rfd8 
22.Qe1 Rxd1 23.Qxd1 Bxa2 24.b4 Rxb4 25.Nxa2 Rd4 26.Qc2 c5 27.fxg6 hxg6 28.
Nc3 f5 29.Nd5 Bf8 30.Qb3 e6 31.Qb7 Qd8 32.Qc6 Qd6 33.Nf6+ Kf7 34.Ng4 Bg7 
35.Qb7+ Qd7 36.Qb8 e4 37.Ne5+ Bxe5 38.Qxe5 Qd6 39.Qxd6 Rxd6 40.Bxe4 Rd4 
41.Bb1 Rb4 42.Ba2 Kf6 43.Rc2 g5 44.Kg2 e5 45.Bd5 g4 46.hxg4 Rxg4 47.Bf3 
Ra4 48.Rxc5 a5 1/2-1/2

[Event "19th Reykjavik op"]
[Site "Reykjavik ISL"]
[Date "2000.04.13"]
[Round "9.23"]
[White "Naes, Flovin Thor"]
[Black "Schulz, Michael"]
[Result "0-1"]
[WhiteElo "2257"]
[BlackElo "2076"]
[EventDate "2000.04.05"]
[PlyCount "80"]

1.Nf3 g6 2.d4 Bg7 3.c4 c6 4.Nc3 d5 5.cxd5 cxd5 6.Bf4 Nf6 7.e3 O-O 8.Be2 
Nc6 9.h3 a6 10.Rc1 h6 11.O-O Bf5 12.Ne5 Rc8 13.Qb3 Na5 14.Qb4 g5 15.Bg3 e6
16.f3 Re8 17.Na4 Bf8 18.Qd2 Nc4 19.Nxc4 dxc4 20.e4 Bg6 21.Rfd1 b5 22.Nc5 
Nh5 23.Bf2 Rc6 24.b3 cxb3 25.Nxb3 Rxc1 26.Rxc1 Qd6 27.Qa5 Rd8 28.Nc5 Rc8 
29.Rd1 Rc6 30.Bd3 Nf4 31.Bf1 Rxc5 32.g3 Nh5 33.dxc5 Qxd1 34.Kg2 Nf6 35.Qc3
Bg7 36.c6 Nxe4 37.Qe3 Nxf2 38.c7 Qc2 39.Qb6 Ng4+ 40.Kg1 Qh2# 0-1

[Event "19th Reykjavik op"]
[Site "Reykjavik ISL"]
[Date "2000.04.13"]
[Round "9.24"]
[White "Nyysti, Sampsa"]
[Black "Jonkman, Harmen"]
[Result "0-1"]
[WhiteElo "2224"]
[BlackElo "2446"]
[EventDate "2000.04.05"]
[PlyCount "100"]

1.e4 e5 2.Nf3 Nc6 3.Nc3 Nf6 4.g3 Bc5 5.Bg2 d6 6.d3 a6 7.Be3 Bxe3 8.fxe3 
O-O 9.Nh4 Be6 10.O-O Ne7 11.Nf5 g6 12.Nxd6 Ng4 13.Nc4 b5 14.Bf3 Nxh2 15.
Kxh2 bxc4 16.d4 Rb8 17.d5 Bd7 18.b3 Nc8 19.bxc4 Qe7 20.Bg4 Bxg4 21.Qxg4 
Qa3 22.Nd1 Nd6 23.Qe2 Qc5 24.Nf2 Qxc4 25.Qxc4 Nxc4 26.Rfb1 Nxe3 27.Rb3 
Nxc2 28.Rc1 Nd4 29.Rxb8 Rxb8 30.Rxc7 Rb2 31.Kg1 Rxa2 32.Ng4 Nf3+ 33.Kf1 
Kg7 34.Ra7 h5 35.Ne3 Nd2+ 36.Ke2 Nxe4+ 37.Kd3 Nd6 38.Rd7 Ra3+ 39.Ke2 Ne4 
40.Nc4 Nxg3+ 41.Kd1 Ra1+ 42.Kc2 Kf6 43.Nd6 e4 44.Ne8+ Ke5 45.d6 Nf5 46.
Rxf7 Ra4 47.d7 Rd4 48.Nf6 e3 49.Rf8 e2 50.d8=Q Ne3+ 0-1

[Event "19th Reykjavik op"]
[Site "Reykjavik ISL"]
[Date "2000.04.13"]
[Round "9.25"]
[White "Einarsson, Einar Kristinn"]
[Black "Hardarson, Robert"]
[Result "1/2-1/2"]
[WhiteElo "2111"]
[BlackElo "2356"]
[EventDate "2000.04.05"]
[PlyCount "91"]

1.e4 e5 2.Nc3 Nf6 3.g3 d5 4.exd5 Nxd5 5.Bg2 Nxc3 6.bxc3 Bc5 7.Ne2 Nc6 8.d3
Be6 9.O-O Bd5 10.Bd2 Bxg2 11.Kxg2 Qd5+ 12.Kg1 h5 13.c4 Qe6 14.Be3 Bxe3 15.
fxe3 h4 16.Qe1 hxg3 17.Nxg3 g6 18.Rb1 O-O-O 19.Ne4 Rh3 20.Rf2 Qe7 21.Qf1 
Qh4 22.Qg2 Rxe3 23.Nc5 Rd4 24.Kh1 Rf4 25.Qd5 Qd8 26.Rxf4 exf4 27.Qxf7 Qe7 
28.Qxe7 Rxe7 29.Nxb7 Re2 30.Nc5 Nd4 31.Rf1 f3 32.c3 Nf5 33.Ne4 Nh4 34.Kg1 
Rg2+ 35.Kh1 Rxa2 36.Ng5 f2 37.Ne4 Rc2 38.Nxf2 Rxc3 39.h3 a5 40.Ra1 Rc2 41.
Kg1 Nf3+ 42.Kf1 Nd4 43.Rxa5 Ne6 44.Re5 Kd7 45.Ne4 Nf4 46.Nf6+ 1/2-1/2

[Event "19th Reykjavik op"]
[Site "Reykjavik ISL"]
[Date "2000.04.13"]
[Round "9.26"]
[White "Bjarnason, Oskar"]
[Black "Bjornsson, Sigurbjorn"]
[Result "0-1"]
[WhiteElo "2218"]
[BlackElo "2282"]
[EventDate "2000.04.05"]
[PlyCount "80"]

1.b3 d5 2.Bb2 c5 3.e3 Nc6 4.Bb5 e6 5.Bxc6+ bxc6 6.Nf3 Nf6 7.O-O Bd6 8.Ne5 
Qc7 9.f4 O-O 10.Rf3 Nd7 11.Rh3 Nxe5 12.Qh5 h6 13.fxe5 Be7 14.Rg3 Kh7 15.d3
Qb6 16.Nc3 Bd7 17.Rf1 Be8 18.Qg4 Rg8 19.Ne2 Qb4 20.e4 Qb8 21.Bc1 g5 22.h4 
Qxe5 23.Bf4 f5 24.Bxe5 fxg4 25.hxg5 Bxg5 26.Bf6 h5 27.Bxg5 Rxg5 28.exd5 
cxd5 29.Re3 e5 30.Ng3 Bg6 31.Rf6 Re8 32.Rc6 h4 33.Nf1 d4 34.Rc7+ Kh6 35.
Re2 e4 36.dxe4 Rxe4 37.Rf2 g3 38.Rf8 Rge5 39.Rh8+ Kg5 40.Rxa7 Rf5 0-1

[Event "19th Reykjavik op"]
[Site "Reykjavik ISL"]
[Date "2000.04.13"]
[Round "9.27"]
[White "Kjartansson, Gudmundur"]
[Black "Thorfinnsson, Bragi"]
[Result "0-1"]
[WhiteElo "2248"]
[BlackElo "2260"]
[EventDate "2000.04.05"]
[PlyCount "78"]

1.e4 c5 2.Nf3 Nc6 3.d4 cxd4 4.Nxd4 Nf6 5.Nc3 d6 6.Be3 Ng4 7.Bg5 h6 8.Bh4 
g5 9.Bg3 Bg7 10.Nxc6 bxc6 11.Be2 Ne5 12.O-O Be6 13.Qd2 Rb8 14.Rab1 Qa5 15.
f4 gxf4 16.Bxf4 Ng6 17.a3 h5 18.Kh1 Nxf4 19.Qxf4 Be5 20.Qf2 Kd7 21.b4 Qb6 
22.Na4 Qxf2 23.Rxf2 Kc7 24.Rff1 h4 25.c4 Rhg8 26.c5 d5 27.Bf3 dxe4 28.Bxe4
Rg4 29.Rfe1 f6 30.Nb2 Rd8 31.Bf3 Rgd4 32.Nd1 h3 33.g3 Rd3 34.Be4 Rxa3 35.
Nf2 Rd2 36.b5 Rxf2 37.b6+ axb6 38.cxb6+ Kb7 39.Rec1 Bd5 0-1

[Event "19th Reykjavik op"]
[Site "Reykjavik ISL"]
[Date "2000.04.13"]
[Round "9.30"]
[White "Schmied, Andreas"]
[Black "Soupizon, Remi"]
[Result "1-0"]
[WhiteElo "2158"]
[BlackElo "2066"]
[EventDate "2000.04.05"]
[PlyCount "64"]

1.e4 d5 2.exd5 Qxd5 3.Nc3 Qa5 4.d4 Nf6 5.Bc4 c6 6.Nf3 Bf5 7.Bd2 e6 8.Qe2 
Bb4 9.Ne5 Nbd7 10.Nxd7 Kxd7 11.a3 Nd5 12.Bxd5 exd5 13.O-O Be7 14.Rfe1 Rae8
15.Qf3 Be6 16.b4 Qb6 17.Na4 Qxd4 18.Be3 Qg4 19.Qxg4 Bxg4 20.Bxa7 Bd6 21.
Be3 Be5 22.Rac1 b5 23.Nc5+ Kc8 24.c3 Re7 25.Nd3 Bf6 26.Bd4 Re6 27.Nc5 Rd6 
28.Bxf6 Rxf6 29.Re7 Rd8 30.Rce1 d4 31.Na6 Rd7 32.Re8+ Kb7 1-0

[Event "19th Reykjavik op"]
[Site "Reykjavik ISL"]
[Date "2000.04.13"]
[Round "9.32"]
[White "Johannesson, Ingvar Thor"]
[Black "Fridjonsson, Julius"]
[Result "0-1"]
[WhiteElo "2194"]
[BlackElo "2191"]
[EventDate "2000.04.05"]
[PlyCount "48"]

1.d4 d5 2.Nf3 Nf6 3.Bf4 c6 4.e3 Qb6 5.b3 Bg4 6.Be2 Nbd7 7.O-O e6 8.Ne5 
Nxe5 9.dxe5 Bxe2 10.Qxe2 Nd7 11.Bg3 Be7 12.c3 O-O 13.e4 d4 14.Rd1 c5 15.
Nd2 dxc3 16.Nc4 Qc6 17.Qd3 Rad8 18.Na5 Qc7 19.Qxc3 b5 20.a3 Qb6 21.Ra2 Nb8
22.Rad2 Rxd2 23.Rxd2 Rd8 24.f3 b4 0-1

[Event "19th Reykjavik op"]
[Site "Reykjavik ISL"]
[Date "2000.04.13"]
[Round "9.33"]
[White "Arngrimsson, Dagur"]
[Black "Palsson, Halldor"]
[Result "1-0"]
[WhiteElo "2081"]
[BlackElo "2182"]
[EventDate "2000.04.05"]
[PlyCount "79"]

1.e4 Nc6 2.Nf3 e6 3.d4 d5 4.Nbd2 dxe4 5.Nxe4 Nf6 6.Nxf6+ gxf6 7.Be3 b6 8.
Qd2 h5 9.O-O-O Bb7 10.Bc4 Ne7 11.Rhe1 Qd7 12.Qe2 O-O-O 13.Ba6 Qa4 14.Bxb7+
Kxb7 15.Kb1 Nf5 16.Bf4 c6 17.c4 Bb4 18.Bd2 Bxd2 19.Rxd2 Rhg8 20.g3 b5 21.
cxb5 Qxb5 22.Rd3 Ka8 23.Qc2 Rb8 24.Rc1 Rb6 25.Rb3 Qd5 26.Rxb6 axb6 27.
Qxc6+ Qxc6 28.Rxc6 Kb7 29.Rc2 h4 30.Rd2 hxg3 31.fxg3 Ne7 32.Kc2 Nd5 33.a3 
Kc6 34.Kd3 Kd6 35.Rf2 Ne7 36.Nd2 Nd5 37.Ne4+ Ke7 38.Nc3 Nc7 39.Na4 Nd5 40.
Rc2 1-0

[Event "19th Reykjavik op"]
[Site "Reykjavik ISL"]
[Date "2000.04.13"]
[Round "9.34"]
[White "Schmitz, Andreas"]
[Black "De Blecourt, Sandra"]
[Result "1-0"]
[WhiteElo "2159"]
[BlackElo "2027"]
[EventDate "2000.04.05"]
[PlyCount "87"]

1.e4 e6 2.d4 d5 3.Nd2 Nf6 4.e5 Nfd7 5.Bd3 c5 6.c3 Nc6 7.Ne2 cxd4 8.cxd4 
Qb6 9.Nf3 f6 10.exf6 Nxf6 11.O-O Bd6 12.Nc3 O-O 13.Be3 Qd8 14.a3 e5 15.
dxe5 Nxe5 16.Nxe5 Bxe5 17.f4 Bc7 18.Be2 Re8 19.Bd4 Ne4 20.Qc2 Bb6 21.Rad1 
Qf6 22.Nb5 Bf5 23.Qc7 Bxc7 24.Bxf6 Ba5 25.Be5 a6 26.Nd4 Bb6 27.g4 Bd7 28.
Kg2 Rac8 29.Bd3 Bxg4 30.Nf3 Nc5 31.Bb1 Na4 32.Rxd5 Nxb2 33.Ng5 h6 34.Ne4 
Nc4 35.Kg3 Be6 36.Rd6 Nxd6 37.Nxd6 Bc4 38.Nxc4 Rxc4 39.Ba2 Rc8 40.Rc1 Bf2+
41.Kxf2 b5 42.Bxc4+ Rxc4 43.Rxc4 bxc4 44.Ke3 1-0

[Event "19th Reykjavik op"]
[Site "Reykjavik ISL"]
[Date "2000.04.13"]
[Round "9.35"]
[White "Hannesson, Olafur Isberg"]
[Black "Halldorsson, Halldor"]
[Result "1/2-1/2"]
[WhiteElo "2161"]
[BlackElo "2109"]
[EventDate "2000.04.05"]
[PlyCount "33"]

1.e4 c5 2.Nf3 d6 3.d4 cxd4 4.Nxd4 Nf6 5.Nc3 a6 6.a4 e5 7.Nb3 Be6 8.Be2 Be7
9.O-O Nbd7 10.f4 Qc7 11.f5 Bc4 12.Bxc4 Qxc4 13.Qf3 O-O 14.Be3 Rfc8 15.g4 
h6 16.Kh1 d5 17.exd5 1/2-1/2

[Event "19th Reykjavik op"]
[Site "Reykjavik ISL"]
[Date "2000.04.13"]
[Round "9.36"]
[White "Valgardsson, Gudjon Heidar"]
[Black "Bergsson, Stefan"]
[Result "1/2-1/2"]
[WhiteElo "2114"]
[BlackElo "2021"]
[EventDate "2000.04.05"]
[PlyCount "126"]

1.e4 c5 2.Nf3 d6 3.d4 cxd4 4.Nxd4 Nf6 5.Nc3 Nc6 6.Bc4 e6 7.Be3 Be7 8.O-O 
a6 9.f4 O-O 10.f5 Nxd4 11.Bxd4 b5 12.Bd3 Bb7 13.a3 Nd7 14.Qh5 Bf6 15.Bxf6 
Nxf6 16.Qh4 b4 17.axb4 Qb6+ 18.Kh1 Qxb4 19.fxe6 fxe6 20.Qh3 Rae8 21.e5 
dxe5 22.Ra4 Qxb2 23.Rb1 Ne4 24.Qxh7+ Kxh7 25.Rxb2 Rd8 26.h3 Rxd3 27.cxd3 
Nxc3 28.Rh4+ Kg8 29.Rxb7 Nd1 30.Rd7 Rf1+ 31.Kh2 Ne3 32.Re4 Re1 33.Kg3 Nf5+
34.Kf2 Rxe4 35.dxe4 Nd4 36.Ra7 Kh7 37.Rxa6 Kg6 38.Ke3 Nc2+ 39.Kd2 Nd4 40.
Kd3 Kg5 41.Rd6 Kf4 42.Rd7 g5 43.Rg7 Nb3 44.g3+ Kxg3 45.Rxg5+ Kf4 46.Rg6 
Nc5+ 47.Ke2 Nxe4 48.h4 Kf5 49.Rg1 Nf6 50.Ke3 Ng4+ 51.Kf3 e4+ 52.Kg3 Nf6 
53.Rf1+ Kg6 54.Kf4 Kh5 55.Re1 Nd5+ 56.Ke5 Kxh4 57.Rxe4+ Kg5 58.Re1 Kg4 59.
Kxe6 Nf4+ 60.Kf6 Nh5+ 61.Ke5 Ng3 62.Ra1 Kf3 63.Ra4 Nh5 1/2-1/2

[Event "19th Reykjavik op"]
[Site "Reykjavik ISL"]
[Date "2000.04.13"]
[Round "9.37"]
[White "Schmitz, Manuela"]
[Black "Kjartansson, Olafur"]
[Result "1-0"]
[WhiteElo "2134"]
[BlackElo "2091"]
[EventDate "2000.04.05"]
[PlyCount "107"]

1.d4 Nf6 2.c4 g6 3.Nc3 Bg7 4.e4 d6 5.Nf3 O-O 6.Be2 e5 7.Be3 Nc6 8.d5 Ne7 
9.Nd2 Ne8 10.c5 f5 11.f3 f4 12.Bf2 g5 13.Nc4 Kh8 14.Qb3 dxc5 15.Bxc5 b6 
16.Bf2 Nd6 17.Rc1 a6 18.a4 h5 19.h3 Ng8 20.Na2 Nh6 21.Nxd6 Qxd6 22.Rc6 Qd7
23.Qc3 Rf7 24.Nb4 Bb7 25.Rg6 Kh7 26.Rxg5 Bf6 27.Rxh5 Rg7 28.g4 fxg3 29.Be3
Rg6 30.Rg1 Qg7 31.Qc1 a5 32.Nd3 Ba6 33.Rg2 Rh8 34.Kd1 Rd8 35.Bxh6 Rxh6 36.
Rxh6+ Qxh6 37.Qxc7+ Qg7 38.Qxg7+ Bxg7 39.Nc1 Bc8 40.Rxg3 Bh6 41.Nd3 Bd7 
42.b3 Rc8 43.f4 exf4 44.Rf3 Rc3 45.Ne5 Rxf3 46.Bxf3 Bxh3 47.Nc4 Bf8 48.
Nxb6 Kg7 49.Ke2 Kf6 50.Nc4 Bb4 51.Kd3 Bf1+ 52.Kd4 Be1 53.e5+ Kf5 54.e6 1-0